Landmarks to Country (Africa) - Statistics

General Stats
  • This quiz has been taken 30 times
  • The average score is 30 of 40
Answer Stats
Landmark Country % Correct
1) Pyramids of Giza Egypt
100%
7) Great Sphinx Egypt
100%
24) Ruins of Thebes Egypt
100%
36) Valley of the Kings Egypt
100%
3) Table Mountain South Africa
97%
27) Hillbrow Tower South Africa
97%
39) Kruger National Park South Africa
97%
5) Serengeti National Park Tanzania
97%
20) Mount Kilimanjaro Tanzania
97%
37) Nairobi Safari Kenya
86%
2) Timbuktu Mali
86%
32) Tomb of Askia Mali
86%
4) Hassan II Mosque Morocco
83%
25) Volubilis Morocco
83%
35) Chefchaouen Morocco
83%
6) El Jem Amphitheater Tunisia
83%
14) Ruins of Carthage Tunisia
83%
23) Dougga ruins Tunisia
83%
10) Djamaa El Djazair Algeria
79%
8) Avenue of Baobabs Madagascar
79%
15) Pyramids of Meroe Sudan
76%
13) Okavango Delta Botswana
72%
16) Kano Walls Nigeria
72%
22) Zuma Rock Nigeria
72%
12) Lalibela Rock Churches Ethiopia
69%
17) Aksum City ruins Ethiopia
69%
28) Fasil Ghebbi Fortress Ethiopia
69%
11) Kolmanskop Namibia
69%
38) Fish River Canyon Namibia
69%
18) Leptis Magna Libya
66%
31) Asante Buildings Ghana
62%
33) Goree Island Senegal
59%
40) Lake Retba (Pink Lake) Senegal
59%
19) Palaces of Abomey Benin
55%
34) Ouadane Ksour Mauritania
55%
21) Aloba Arch Chad
52%
30) Koutammakou Togo
52%
29) Grand-Bassam ruins Ivory Coast
48%
9) Vallee De Mai Rainforest Seychelles
38%
26) Anse Source d'Argent Seychelles
38%
No matching quizzes found
Score Distribution
Percent of People with Each Score
Percentile by Number Answered
Your Score History
You have not taken this quiz